Devízovo - zmenárenská činnosť bankovníctva

Salvato in:
Dettagli Bibliografici
Autore principale: Martinová, Georgína
Ente Autore: Vysoká škola ekonomická v Bratislave. Národohospodárska fakulta
Natura: Libro
Lingua:slovacco
Pubblicazione: Bratislava VŠE 1989
Edizione:2. vyd.
Tags: Aggiungi Tag
Nessun Tag, puoi essere il primo ad aggiungerne!!

MARC

LEADER 00000nam a2200000 4500
001 c040714
005 20221215070408.5
041 0 |a slo 
044 |a SK 
245 1 0 |a Devízovo - zmenárenská činnosť bankovníctva  |c Georgína Martinová 
250 |a 2. vyd. 
264 1 |a Bratislava  |b VŠE  |c 1989 
300 |a 160 s. 
100 1 |a Martinová, Georgína 
710 2 |a Vysoká škola ekonomická v Bratislave. Národohospodárska fakulta